| 000 | 00566nam a2200193 a 4500 | ||
|---|---|---|---|
| 001 | 000042628 | ||
| 005 | 20201002040302.0 | ||
| 008 | 140203s1987 sp 000 0 spa d | ||
| 020 | _a8472239772 | ||
| 040 |
_aDO-SdBNP _bspa _cBNPHU |
||
| 082 |
_axxxxx _bxxxxx |
||
| 100 | 1 |
_aBras, Josep _969889 |
|
| 245 | 1 | 3 |
_aEl bajel de las vaginas voraginosas / _cJosep Bras. |
| 260 |
_aBarcelona, : _bTusQuets, _c1987. |
||
| 300 |
_a175 p. ; _c20 cm. |
||
| 490 | 1 |
_aLa sonrisa vertical _v53 |
|
| 586 | _a9 premio la sonrisa vertical | ||
| 830 | 0 |
_aLa sonrisa vertical _n53 _969890 |
|
| 999 |
_c42117 _d42117 |
||